000 00341 a2200109 4500
001 ART_2715
005 20260410161709.0
008 260409a
245 1 0 _aCrecimiento de la Población y desarrollo ecónomico
100 1 _aBird, Richard M.
773 0 _tDesarrollo económico
_g- Vol. 1, Nº 2 (jul./sep. 1961)
_wREV1174
999 _c15933
_d15933